| 000 | 01398nam a2200217Ia 4500 | ||
|---|---|---|---|
| 003 | Ost | ||
| 005 | 20260507075357.0 | ||
| 008 | 260507s9999||||xx |||||||||||||| ||und|| | ||
| 020 | _a60958099579 | ||
| 040 | _cfsecg | ||
| 041 | _aara | ||
| 082 | _a330 | ||
| 100 |
_aإرشيد، محمود عبد الكريم _eمؤلف |
||
| 245 | 0 |
_aالمدخل الى الإقتصاد الإسلامي / _c محمود عبد الكريم إرشيد |
|
| 260 |
_aعمان: _bدار النفائس للنشر والتوزيع, _c2012 |
||
| 300 |
_a445 صفحة؛ _bإيضاحات ؛ _c25 سم |
||
| 520 | _aمدخل الى الإقتصاد الإسلامي- نظرة الإقتصاد الإسلامي والوضعي الى المشكلة الإقتصادية- نظرة الإقتصاد الإسلامي والوضعي الى عناصر الإنتاج- السوق في الإقتصاد الإسلامي آلياته وضوابطه- الملكية في الإقتصاد الإسلامي- ضوابط توزيع الدخل والثروة في الإقتصاديات الوضعية والإقتصاد الإسلامي-ضوابط الإستهلاك في الإقتصاديات الوضعية والإقتصاد الإسلامي- النظام المالي والمصرفي في الإقتصاد الإسلامي | ||
| 653 | _aالإقتصاد | ||
| 653 | _aالإقتصاد الإسلامي | ||
| 942 | _cكتاب | ||
| 999 |
_c44238 _d44238 |
||